Consumerism as a lifestyle

Konzumizmus ako štýl života, ako ideológia, ako fenomén v spoločnosti. Ľudské šťastie a akumulácia peňazí a vecí. Chorobné nakupovanie - oniománia.

Salvato in:
Dettagli Bibliografici
Autore principale: Dzurová, Mária
Altri autori: Paholková, Barbora
Natura: Capitolo di libro
Lingua:inglese
Soggetti:
Tags: Aggiungi Tag
Nessun Tag, puoi essere il primo ad aggiungerne!!

MARC

LEADER 00000naa$a2200000$$$4500
001 0217373
005 20240502083544.8
041 0 |a eng 
044 |a CZ 
245 1 0 |a Consumerism as a lifestyle  |c Mária Dzurová, Barbora Paholková 
520 |a Konzumizmus ako štýl života, ako ideológia, ako fenomén v spoločnosti. Ľudské šťastie a akumulácia peňazí a vecí. Chorobné nakupovanie - oniománia. 
610 2 0 |a štýl životný 
610 2 0 |a spotreba individuálna 
610 2 0 |a nákup 
610 2 0 |a psychológia 
100 1 |a Dzurová, Mária 
700 1 |a Paholková, Barbora